02106cam a22003975a 4500001001000000003000900010005001700019008004100036020002100077020002400098035002400122040004200146082001700188100004000205245006600245264004600311300004800357336002600405337002800431338002700459490003600486500002400522504005200546505021200598520032000810650004801130650004401178650005701222651001001279653002301289655002401312942002501336999001701361952016501378952016501543016945882EG-ScBUE20220516115014.0140507s2015 enka f bd 001 0 eng d a0199571872 (pbk) a9780199571871 (pbk) a(OCoLC)ocn889183934 aStDuBDSbengerdacStDuBDSdEG-ScBUE 04222a425bKEI1 aKeizer, Evelien‏,eauthor.94054612aA functional discourse grammar for English /cEvelien Keizer. 1aOxford :bOxford University Press,c2015. axviii, 336 pages :billustrations ;c26 cm. 2rdacontentatextbtxt 2rdamediaaunmediatedbn 2rdacarrieravolumebnc0 aOxford textbooks in linguistics aIncludes glossary.  aIncludes bibliographical references and index.  aWhy Functional Discourse Grammar? -- The general architecture of FDG -- The Interpersonal Level -- The Representational Level -- The Morphosyntactic Level -- The Phonological Level -- Sample representations. aThis is the first textbook on Functional Discourse Grammar, a recently developed theory of language structure which analyses utterances at the pragmatic, semantic, morphosyntactic and phonological level. It focuses principally on English and provides extensive exercises for students to use and evaluate the theory. 7aFunctional discourse grammar.2BUEsh940502 7aEnglish languagexGrammar.2BUEsh95501 7aEnglish language xDiscourse analysis.2BUEsh940621 2BUEsh cJuly2016bHHUUEENN vReading book934232 2ddce22k425 KEIcBB c22073d22045 00102ddc40708BaccahaMAINbMAINc2NDd2016-07-31ePurchaseg305.00h25868l2m1o425 KEIp000032940r2025-07-15 00:00:00s2017-09-12v381.00w2016-07-31yBB 00102ddc40708BaccahaMAINbMAINc2NDd2016-09-25ePurchaseg319.00h26103l1m3o425 KEIp000033481r2025-07-15 00:00:00s2017-06-11v398.00w2016-09-25yBB